| 000 | 00586nam a2200193 a 4500 | ||
|---|---|---|---|
| 001 | 3705 | ||
| 003 | CDMR | ||
| 005 | 20131205124133.0 | ||
| 008 | 130130s1964||||up |||||||||||||||||eng|d | ||
| 040 |
_aCDMR _bcat _cCDMR |
||
| 100 | 1 |
_aMcLuhan, Marshall _9425 |
|
| 245 | 1 | 0 |
_aUnderstanding media _b: the extensions of man _cMarshall McLuhan |
| 260 |
_aNew York _c1964 _bThe New American Library |
||
| 300 |
_a318 p. _c18 cm |
||
| 650 | 0 | 4 |
_93629 _aComunicació _xAssaigs |
| 650 | 0 | 4 |
_9405 _aMitjans de comunicació de massa |
| 650 |
_94423 _aTecnologia i civilització _xTeoria |
||
| 942 |
_cMON _2udc |
||
| 999 |
_c3705 _d3705 |
||